| 000 | 00869nam a22001817a 4500 | ||
|---|---|---|---|
| 999 |
_c59191 _d59191 |
||
| 003 | Ge_BSU | ||
| 005 | 20221213105839.0 | ||
| 008 | 221213s1984ge xxu||||| |||| 00| 0 geo d | ||
| 041 | _ageo | ||
| 080 | _a821.353.1-1+ 821.353.1-11 ჩ-24 | ||
| 100 |
_aჩარკვიანი, ჯ. (ჯანსუღ) _916105 |
||
| 245 |
_aმე და მე : _bახალი ლექსები და პოემა / _cჯანსუღ ჩარკვიანი, რედ. მილიცა ჯაფარიძე. |
||
| 264 |
_aთბილისი : _bმერანი, _c1984. |
||
| 300 |
_a271 გვ. : _bპორტრ. 1 ფ. _c17 სმ. |
||
| 653 | _aმე და მე : ახალი ლექსები და პოემა | ||
| 700 |
_aჯაფარიძე, მილიცა _eრედაქტორი _916369 |
||
| 942 |
_2udc _cBK |
||